| 000 | 01488cam a22003134a 4500 | ||
|---|---|---|---|
| 999 |
_c48188 _d48188 |
||
| 001 | 13561406 | ||
| 003 | Nust | ||
| 005 | 20170111160508.0 | ||
| 008 | 040416s2004 enka b 001 0 eng | ||
| 010 | _a 2004049441 | ||
| 020 | _a9781107646261 (pbk) | ||
| 040 |
_aDLC _cDLC _dDLC |
||
| 041 | 1 |
_aeng _hdut |
|
| 042 | _apcc | ||
| 050 | 0 | 0 |
_aBF378.A87 _bD7313 2004 |
| 082 | 0 | 0 |
_a153.13 _bDRA |
| 100 | 1 | _aDraaisma, D. | |
| 240 | 1 | 0 |
_aWaarom het leven sneller gaat als je alder wordt. _lEnglish |
| 245 | 1 | 0 |
_aWhy life speeds up as you get older : _bhow memory shapes our past / _cDouwe Draaisma ; translated by Arnold and Erica Pomerans. |
| 260 |
_aCambridge, UK ; _aNew York : _bCambridge University Press, _c2004. |
||
| 300 |
_aix, 277 p. : _bill. ; _c24 cm. |
||
| 504 | _aIncludes bibliographical references and index. | ||
| 650 | 0 | _aAutobiographical memory. | |
| 856 | 4 | 1 |
_3Table of contents _uhttp://www.loc.gov/catdir/toc/cam041/2004049441.html |
| 856 | 4 | 2 |
_3Publisher description _uhttp://www.loc.gov/catdir/description/cam041/2004049441.html |
| 856 | 4 | 2 |
_3Contributor biographical information _uhttp://www.loc.gov/catdir/enhancements/fy0733/2004049441-b.html |
| 906 |
_a7 _bcbc _corignew _d1 _eocip _f20 _gy-gencatlg |
||
| 942 |
_2ddc _cBK |
||